Produktová a procesná línia ABC a ABC/ABM vo firemnej praxi

Produktová línia ABC a ABC/ABM. Procesná línia ABC a ABC/ABM. Business procesy prebiehajúce naprieč tradičnou - hierarchickou organizačnou štruktúrou firmy. Hlavné a podporné procesy (core and supporting processes) v ABC/ABM vzťahujúce sa na štandardný podnikateľský a produkčný cyklus.

Gespeichert in:
Bibliographische Detailangaben
1. Verfasser: Petřík, Tomáš
Format: Buchkapitel
Sprache:Slowakisch
Schlagworte:
Tags: Tag hinzufügen
Keine Tags, Fügen Sie das erste Tag hinzu!

MARC

LEADER 00000naa a2200000 4500
001 0173858
005 20231005092246.5
041 0 |a slo 
044 |a SK 
245 1 0 |a Produktová a procesná línia ABC a ABC/ABM vo firemnej praxi  |c Tomáš Petřík 
520 |a Produktová línia ABC a ABC/ABM. Procesná línia ABC a ABC/ABM. Business procesy prebiehajúce naprieč tradičnou - hierarchickou organizačnou štruktúrou firmy. Hlavné a podporné procesy (core and supporting processes) v ABC/ABM vzťahujúce sa na štandardný podnikateľský a produkčný cyklus. 
610 2 0 |a riadenie procesné 
610 2 0 |a náklady 
610 2 0 |a metóda ABC 
610 2 0 |a výroba 
610 2 0 |a plánovanie 
610 2 0 |a efektívnosť 
610 2 0 |a procesy podnikové 
610 2 0 |a hodnota pridaná 
610 2 0 |a hodnota trhová 
610 2 0 |a výkonnosť 
100 1 |a Petřík, Tomáš